Tremate Tremate Lestreghe son tornate

محفوظ في:
التفاصيل البيبلوغرافية
المؤلف الرئيسي: Barbara Alberti
التنسيق: كتاب
اللغة:لغة غير معروفة
منشور في: Rizzoli
الوسوم: إضافة وسم
لا توجد وسوم, كن أول من يضع وسما على هذه التسجيلة!

MARC

LEADER 00000nam a2200000Ia 4500
001 R-1547
003 CODICE-MESSINA
005 20260212102509.0
008 260211s9999 xx 000 0 und d
040 |c importazione_messina 
100 |a Barbara Alberti  
245 0 |a Tremate Tremate 
245 0 |b Lestreghe son tornate 
260 |b Rizzoli 
942 |2 ddc  |c BK 
952 |0 0  |1 0  |2 ddc  |4 0  |6 SCAFFALE_15_000000000000000__LGBT_S_R  |7 0  |9 32385  |a ME  |b ME  |d 2026-02-11  |l 0  |o SCAFFALE 15 - LGBT S.R.  |p R-1547  |r 2026-02-11 23:53:09  |w 2026-02-11  |x [REVISIONARE]  |y BK 
999 |c 28052  |d 28052